000 00883nam a22002535i 4500
001 176917
003 ES-MaACL
005 20230906220218.0
008 110218s1978 sp |||| | spa d
020 _a84-220-0723-1
080 _a27-523(091)
100 1 _aDias, Patrick V.
_9145272
245 1 0 _aEclesiología
_b: escritura y patrística hasta San Agustín ; traducción de Manuel Pozo.
260 _aMadrid :
_bBiblioteca de Autores Cristianos,
_c1978.
300 _aX, 238 p. ;
_c27 cm.
490 1 _aHistoria de los dogmas ;
_vt. 3, cuaderno 3a-b
504 _aBibliografía: p. 1.
650 4 _aIglesia-
_xHistoria de las doctrinas.
_9141543
700 1 _aCamelot, Pierre-Thomas.
_9145273
700 1 _aPozo, Manuel.
_9140213
830 0 _aHistoria de los dogmas ;
_vt. 3, cuaderno 3a-b
_9190300
852 _aES-MaACL
_jE-14354
_xOlim P-1497
999 _c176917
_d176917